<?xml version="1.0" encoding="UTF-8"?>
<record
    xmlns:xsi="http://www.w3.org/2001/XMLSchema-instance"
    xsi:schemaLocation="http://www.loc.gov/MARC21/slim http://www.loc.gov/standards/marcxml/schema/MARC21slim.xsd"
    xmlns="http://www.loc.gov/MARC21/slim">

  <leader>01229nam a22003137a 4500</leader>
  <controlfield tag="001">472</controlfield>
  <controlfield tag="003">OSt</controlfield>
  <controlfield tag="005">20250902101721.0</controlfield>
  <controlfield tag="008">250902b        |||||||g |||| 00| 1 por d</controlfield>
  <datafield tag="020" ind1=" " ind2=" ">
    <subfield code="a">9788506067055</subfield>
  </datafield>
  <datafield tag="040" ind1=" " ind2=" ">
    <subfield code="b">por</subfield>
  </datafield>
  <datafield tag="041" ind1="1" ind2=" ">
    <subfield code="a">por</subfield>
    <subfield code="h">eng</subfield>
  </datafield>
  <datafield tag="082" ind1="0" ind2="4">
    <subfield code="a">028.5</subfield>
    <subfield code="b">A757b</subfield>
  </datafield>
  <datafield tag="100" ind1="1" ind2=" ">
    <subfield code="a">Arnold, Nick.</subfield>
    <subfield code="9">1012</subfield>
  </datafield>
  <datafield tag="240" ind1="0" ind2="0">
    <subfield code="a">Ugly Bugs :</subfield>
  </datafield>
  <datafield tag="245" ind1="1" ind2="0">
    <subfield code="a">Bichos nojentos /</subfield>
    <subfield code="c">Nick Arnold ; ilustrado por Tony De Saulles ; [tradu&#xE7;&#xE3;o de Antonio Carlos Vilela].</subfield>
  </datafield>
  <datafield tag="250" ind1=" " ind2=" ">
    <subfield code="a">1. ed.</subfield>
  </datafield>
  <datafield tag="260" ind1=" " ind2=" ">
    <subfield code="a">S&#xE3;o Paulo :</subfield>
    <subfield code="b">Melhoramentos,</subfield>
    <subfield code="c">2002.</subfield>
  </datafield>
  <datafield tag="300" ind1=" " ind2=" ">
    <subfield code="a">127 p. :</subfield>
    <subfield code="b">il. ;</subfield>
  </datafield>
  <datafield tag="520" ind1=" " ind2=" ">
    <subfield code="a">Observe as terr&#xED;veis fam&#xED;lias de bichos, descubra os segredos de cientistas estranhos e teste as t&#xE9;cnicas de camuflagem de v&#xE1;rios insetos. Repleto de informa&#xE7;&#xF5;es assustadoras, desafios malucos e testes que voc&#xEA; pode aplicar no seu professor, este livro vai agu&#xE7;ar a curiosidade infantil com muito humor e divers&#xE3;o nojenta.</subfield>
  </datafield>
  <datafield tag="650" ind1=" " ind2="0">
    <subfield code="a">Literatura Inglesa</subfield>
    <subfield code="9">89</subfield>
  </datafield>
  <datafield tag="650" ind1=" " ind2="0">
    <subfield code="a">Infantojuvenil</subfield>
    <subfield code="9">200</subfield>
  </datafield>
  <datafield tag="650" ind1=" " ind2="0">
    <subfield code="a">Biologia</subfield>
    <subfield code="9">1018</subfield>
  </datafield>
  <datafield tag="655" ind1=" " ind2="0">
    <subfield code="a">N&#xE3;o Fic&#xE7;&#xE3;o</subfield>
    <subfield code="9">102</subfield>
  </datafield>
  <datafield tag="700" ind1="1" ind2=" ">
    <subfield code="a">De Saulles, Tony.</subfield>
    <subfield code="e">ILUSTRADOR</subfield>
    <subfield code="9">1014</subfield>
  </datafield>
  <datafield tag="700" ind1="1" ind2=" ">
    <subfield code="a">Vilela, Antonio Carlos,</subfield>
    <subfield code="d">1966-</subfield>
    <subfield code="e">Tradutor</subfield>
    <subfield code="9">1015</subfield>
  </datafield>
  <datafield tag="830" ind1=" " ind2=" ">
    <subfield code="a">Saber horr&#xED;vel</subfield>
    <subfield code="9">1013</subfield>
  </datafield>
  <datafield tag="942" ind1=" " ind2=" ">
    <subfield code="2">ddc</subfield>
    <subfield code="n">0</subfield>
    <subfield code="c">BK</subfield>
  </datafield>
  <datafield tag="952" ind1=" " ind2=" ">
    <subfield code="0">0</subfield>
    <subfield code="1">0</subfield>
    <subfield code="2">ddc</subfield>
    <subfield code="4">0</subfield>
    <subfield code="7">0</subfield>
    <subfield code="8">NFIC</subfield>
    <subfield code="a">BIBIB</subfield>
    <subfield code="b">BIBIB</subfield>
    <subfield code="c">IJ</subfield>
    <subfield code="d">2025-09-02</subfield>
    <subfield code="e">doa&#xE7;&#xE3;o</subfield>
    <subfield code="l">0</subfield>
    <subfield code="o">028.5 / A757b</subfield>
    <subfield code="p">2025-17403</subfield>
    <subfield code="r">2025-09-02 09:39:22</subfield>
    <subfield code="w">2025-09-02</subfield>
    <subfield code="y">BK</subfield>
  </datafield>
  <datafield tag="999" ind1=" " ind2=" ">
    <subfield code="c">472</subfield>
    <subfield code="d">472</subfield>
  </datafield>
</record>
